Los anarquistas rusos / (Record no. 10870)
[ view plain ]
| 000 -LEADER | |
|---|---|
| fixed length control field | 00617nam a22002057a 4500 |
| 005 - DATE AND TIME OF LATEST TRANSACTION | |
| control field | 20250327122920.0 |
| 008 - FIXED-LENGTH DATA ELEMENTS--GENERAL INFORMATION | |
| fixed length control field | 250319b ||||| |||| 00| 0 spa d |
| 020 ## - INTERNATIONAL STANDARD BOOK NUMBER | |
| International Standard Book Number | 84-206-1547-1 |
| 082 14 - DEWEY DECIMAL CLASSIFICATION NUMBER | |
| Edition number | 14 |
| Classification number | 947.08 |
| 100 1# - MAIN ENTRY--PERSONAL NAME | |
| 9 (RLIN) | 21424 |
| Personal name | Avrich, Paul |
| 245 14 - TITLE STATEMENT | |
| Title | Los anarquistas rusos / |
| Statement of responsibility, etc | Paul Avrich |
| 260 ## - PUBLICATION, DISTRIBUTION, ETC. (IMPRINT) | |
| Place of publication, distribution, etc | Madrid: |
| Name of publisher, distributor, etc | Aliaza, |
| Date of publication, distribution, etc | 1974 |
| 300 ## - PHYSICAL DESCRIPTION | |
| Extent | 330 p. |
| 440 ## - SERIES STATEMENT/ADDED ENTRY--TITLE | |
| 9 (RLIN) | 18927 |
| Title | El Libro de Bolsillo |
| Number of part/section of a work | 547 |
| 650 27 - SUBJECT ADDED ENTRY--TOPICAL TERM | |
| 9 (RLIN) | 1846 |
| Topical term or geographic name as entry element | IMPERIALISMO |
| Source of heading or term | unescot |
| 650 27 - SUBJECT ADDED ENTRY--TOPICAL TERM | |
| 9 (RLIN) | 3127 |
| Topical term or geographic name as entry element | ANARQUISMO |
| Source of heading or term | unescot |
| 651 27 - SUBJECT ADDED ENTRY--GEOGRAPHIC NAME | |
| Source of heading or term | unescot |
| 9 (RLIN) | 3591 |
| Geographic name | RUSIA |
| 942 ## - ADDED ENTRY ELEMENTS (KOHA) | |
| Source of classification or shelving scheme | Dewey Decimal Classification |
| Item type | Libro, folleto, traducción |
| 980 ## - EQUIVALENCE OR CROSS-REFERENCE-SERIES STATEMENT--PERSONAL NAME/TITLE [LOCAL, CANADA] | |
| Linkage | 19226 |
| Personal name | Palazón Marcela I. |
| Field link and sequence number | 479 |
| Miscellaneous information | SOFIA RAMOFF |
| Withdrawn status | Lost status | Source of classification or shelving scheme | Damaged status | Not for loan | Home library | Current library | Date acquired | Total Checkouts | Full call number | Barcode | Date last seen | Copy number | Price effective from | Koha item type |
|---|---|---|---|---|---|---|---|---|---|---|---|---|---|---|
| Dewey Decimal Classification | Biblioteca Central | Biblioteca Central | 19/03/2025 | 947.08 AVR | UNAJ25030051 | 19/03/2025 | 1 | 19/03/2025 | Libro, folleto, traducción |